000 00381nam a22001697a 4500
005 20160616142418.0
008 160616b xxu||||| |||| 00| 0 eng d
020 _a81-203-1678-9
041 _aeng
082 _b8006
100 _aSrinivasan, R
_91419
245 _aCase Studies in Marketing
260 _bPHI
_c2000
300 _a217
650 _aManagement
_9241
942 _cBK
999 _c2975
_d2974